00835nam a22002417a 45000010005000000030006000050050017000110080041000280400029000690500015000980820011001131000024001242450070001482500036002182600033002543000053002875050007003405200126003475210027004735210018005006500043005187000032005617689FISKH20250731104046.0250731b cb ||||| |||| 00| 0 eng d aFISKHbengcFISKHdFISKH aPZ7.M739 M a813.6  aMoncure, Jane Belk  aMy "m" book /cby Jane Belk Moncure ; illustrated by Linda Hohag  aThis edition published in 1991  aDanbury : bGrolier, c1984  a29 pages : bcolor illustrations ; c20 x 24 cm aD  aLittle m finds things beginning with the letter m to put in his box, including a magician who takes them all to the moon.8 a160 bLexile estimate 8 aC bRaz-Plus  aPhonicsvAlphabetxVocabulary Builders aHohag, Linda eillustrator